000 00312pam a2200133 a 4500
020 _c
041 _h
082 _a743.6
_bTUT
100 _aEva Dutton .
245 _aHow to Draw Horses in Smile Stepes
_hTextual Documents
260 _a[s.l]:
_bSearch Press,
_c2015.
300 _a32:
_bpaper.
930 _a7969
999 _c241759
_d241759